[Event "Wch U20 Girls 19th"]
[Site "Goa"]
[Date "2002.12.10"]
[Round "2"]
[White "Harika, Dronavalli"]
[Black "Koneru, Chandra Hawsa"]
[Result "1-0"]
[WhiteElo "2248"]
[BlackElo "2086"]
[PlyCount "51"]
[EventDate "2002.12.09"]
[EventType "swiss"]
[EventRounds "13"]
[EventCountry "IND"]
[SourceTitle "CBM 091 Extra"]
[Source "ChessBase"]
[SourceDate "2003.01.09"]
[SourceVersion "1"]
[SourceVersionDate "2003.01.09"]
[SourceQuality "1"]

1. Nf3 d5 2. g3 Nf6 3. Bg2 c6 4. 0-0 Bf5 5. d3 h6 6. c4 e6 7. Be3 Nbd7 8. Qb3 Qc7 9. cxd5 exd5 10. Rc1 Bd6 11. Nd4 Nc5 12. Rxc5 Bxc5 13. Nxf5 Bxe3 14. Nxe3 0-0 15. Nd2 Rfe8 16. d4 Qb6 17. Qc3 Rac8 18. b4 Qa6 19. Bf3 Ne4 20. Bxe4 dxe4 21. Nec4 Rcd8 22. Nb3 Qb5 23. Nc5 a5 24. bxa5 Rxd4 25. Qxd4 Ra8 26. a3 1-0

[Event "Wch U20 Girls 19th"]
[Site "Goa"]
[Date "2002.12.09"]
[Round "1"]
[White "Koneru, Chandra Hawsa"]
[Black "Karnaukhova, Elmira"]
[Result "1-0"]
[WhiteElo "2086"]
[BlackElo "2325"]
[PlyCount "65"]
[EventDate "2002.12.09"]
[EventType "swiss"]
[EventRounds "13"]
[EventCountry "IND"]
[SourceTitle "CBM 091 Extra"]
[Source "ChessBase"]
[SourceDate "2003.01.09"]
[SourceVersion "1"]
[SourceVersionDate "2003.01.09"]
[SourceQuality "1"]

1. d4 Nf6 2. Bg5 Ne4 3. Bf4 c5 4. f3 Nf6 5. dxc5 Qa5+ 6. Qd2 Qxc5 7. Nc3 g6 8. e4 Bg7 9. 0-0-0 0-0 10. Bh6 d6 11. g4 Be6 12. Kb1 Nc6 13. h4 Ne5 14. Bxg7 Kxg7 15. h5 a6 16. hxg6 fxg6 17. Be2 Rac8 18. Nh3 b5 19. Nf4 Bg8 20. g5 Nfd7 21. Ncd5 Bxd5 22. Nxd5 Rf7 23. f4 Nc4 24. Qc3+ e5 25. Bg4 Kh8 26. Be6 Rg7 27. Nf6 Nxf6 28. gxf6 Rgc7 29. Bxc8 Rxc8 30. fxe5 dxe5 31. Qh3 h5 32. Rdg1 Rc7 33. Rxg6 1-0